00585nam a2200205 i 4500001001000000003000900010005001700019007000300036008004100039040003000080041000800110082001900118100003600137245004300173264004900216300002700265336002700292337003200319338002800351000026355DO-SdBNP20260409091745.0ta260406s1975 dr 000 0 spa d aDO-SdBNPbspacBNPHUerda aspa 4axxxbP857L222 aPostigo, Julio D.,eautor4aut.10aLibros Dominicanos /cJulio D. Postigo 1aSanto Domingo :bLibreria Dominicana,c1975. a83 páginas ;c21 cm. atextobtxt2rdacontent asinmediaciónbn2rdamedia avolumenbnc2rdacarrier